Statistics for Wales True or False?

Click here to take the quiz!

General Stats

  • This quiz has been taken 140 times
    (116 since last reset)
  • The average score is 8 of 15

Answer Stats

QuestionAnswer% Correct
There is a village in Wales called LlanfairpwllgwyngyllgogerychwyrndrobwllllantysiliogogogochTrue
81%
Wales was named after whales, the animalFalse
78%
Welsh settlers established a colony in Argentina in 1865True
76%
The world's first steam-locomotive was used in WalesTrue
65%
The national anthem of Wales is a song about 'a little saucepan'False
63%
The original stones of Stonehenge came from WalesTrue
62%
The Tudor dynasty originated in WalesTrue
55%
The city of Wales is the easternmost mainland settlement in all of the AmericasFalse
54%
Twmpath is a type of soup, and the national dish of WalesFalse
54%
Mount Everest was named after a WelshmanTrue
52%
Most people in Wales speak Welsh as either a first or second languageFalse
51%
The village of Hay-On-Wye is twinned with TimbuktuTrue
48%
Wales has a higher sheep to human ratio than New ZealandFalse
40%
Welsh mathematician Robert Recorde invented the + and - signFalse
32%
Most of Wales is rich in dinosaur fossilsFalse
29%

Score Distribution

Percentile by Number Answered

Percent of People with Each Score

Your Score History

You have not taken this quiz since the last reset